| 000 | 00429nam a2200157Ia 4500 | ||
|---|---|---|---|
| 003 | SGT | ||
| 020 | _a9788177585513 | ||
| 082 |
_a629.89 _bPEA |
||
| 100 | _aPeatman, John B. | ||
| 245 | _aDesign microcontroller with PIC | ||
| 260 |
_bPearson _aN.Delhi _c2013 |
||
| 300 | _a274p. | ||
| 650 | _aELECTRONICS ENGINEERING | ||
| 653 | _aINTERRUPT TIMING AND PROGRAM SIZE CONSIDERATIONS,EXTERNAL INTERRUPTS AND TIMERS | ||
| 942 |
_2ddc _cBK |
||
| 999 |
_c5779 _d5779 |
||